[Event "Athens op 03-A"]
[Site "Athens"]
[Date "2012.04.10"]
[Round "6"]
[White "Prevenios, Mihail"]
[Black "Sfougatakis, Nikolaos"]
[Result "0-1"]
[WhiteElo "1935"]
[BlackElo "1904"]
[PlyCount "44"]
[EventDate "2012.03.06"]
[EventType "swiss"]
[EventRounds "7"]
[EventCountry "GRE"]
[SourceTitle "EXT 2014"]
[Source "ChessBase"]
[SourceDate "2013.11.20"]
[SourceVersion "1"]
[SourceVersionDate "2013.11.20"]
[SourceQuality "1"]

1. d4 d5 2. Bf4 e6 3. e3 Bd6 4. Bxd6 Qxd6 5. Nd2 Nf6 6. f4 c5 7. c3 Nc6 8. Bd3 Bd7 9. Ngf3 cxd4 10. cxd4 Nb4 11. Bb1 Bb5 12. Ne5 Rc8 13. a3 Nc6 14. g4 Nd7 15. g5 Ndxe5 16. fxe5 Qe7 17. h4 h6 18. g6 f6 19. exf6 Qxf6 20. Nf3 Ba4 21. Qxa4 Qxf3 22. Rh2 Qxe3+ 0-1

[Event "Athens op 03-A"]
[Site "Athens"]
[Date "2012.03.27"]
[Round "4"]
[White "Papahristoudis, Anastasios"]
[Black "Sfougatakis, Nikolaos"]
[Result "1-0"]
[WhiteElo "2105"]
[BlackElo "1904"]
[PlyCount "141"]
[EventDate "2012.03.06"]
[EventType "swiss"]
[EventRounds "7"]
[EventCountry "GRE"]
[SourceTitle "EXT 2014"]
[Source "ChessBase"]
[SourceDate "2013.11.20"]
[SourceVersion "1"]
[SourceVersionDate "2013.11.20"]
[SourceQuality "1"]

1. d4 e6 2. c4 d5 3. Nc3 Nf6 4. Nf3 Be7 5. Bf4 0-0 6. e3 c5 7. cxd5 Nxd5 8. Bg3 cxd4 9. exd4 Nc6 10. Be2 Qb6 11. a3 Bf6 12. Na4 Qd8 13. 0-0 Nb6 14. Be5 Bxe5 15. dxe5 Qxd1 16. Bxd1 Nd5 17. Rc1 Rd8 18. Nc5 Nce7 19. Ne4 Bd7 20. Nd6 Bc6 21. Nd4 Rab8 22. b4 a6 23. Nxc6 Nxc6 24. Nxb7 Rxb7 25. Rxc6 a5 26. bxa5 Rb5 27. a6 Ra5 28. g3 Rxa3 29. Be2 Kf8 30. Rb1 Nc3 31. Rb2 Nxe2+ 32. Rxe2 g5 33. Rb2 Rd1+ 34. Kg2 Rda1 35. Rb7 g4 36. Rcc7 Rf3 37. Rb2 Rxa6 38. Rc4 h5 39. h3 Rf5 40. hxg4 hxg4 41. Rb8+ Kg7 42. Rxg4+ Kh7 43. Rh4+ Kg7 44. f4 f6 45. Rb7+ Kg8 46. exf6 Rxf6 47. Rh5 Ra2+ 48. Kh3 Ra1 49. Rg5+ Kf8 50. Kg4 Rh1 51. Ra5 Rf7 52. Rb8+ Kg7 53. Rg5+ Kf6 54. Rb6 Rh6 55. Rf5+ Kg7 56. Rg5+ Kf8 57. Rb8+ Ke7 58. Rgg8 Kf6 59. Rb6 Rg7+ 60. Rxg7 Kxg7 61. Kg5 Rg6+ 62. Kh4 Rh6+ 63. Kg4 Rg6+ 64. Kf3 Kf7 65. g4 Rg8 66. Rb7+ Kg6 67. g5 Ra8 68. Re7 Ra6 69. Kg4 Rd6 70. Rxe6+ Rxe6 71. f5+ 1-0

[Event "Ambelokipi op 107th"]
[Site "Athens"]
[Date "2010.09.18"]
[Round "3"]
[White "Sfougatakis, Nikolaos"]
[Black "Kostouros, Alexandros"]
[Result "0-1"]
[WhiteElo "1913"]
[BlackElo "2146"]
[PlyCount "110"]
[EventDate "2010.09.11"]
[EventType "swiss"]
[EventRounds "7"]
[EventCountry "GRE"]
[SourceTitle "EXT 2024"]
[Source "ChessBase"]
[SourceDate "2023.10.10"]
[SourceVersion "1"]
[SourceVersionDate "2023.10.10"]
[SourceQuality "1"]

1. d4 d5 2. Nf3 c5 3. c3 cxd4 4. cxd4 Nc6 5. Nc3 Nf6 6. Bf4 Qb6 7. Na4 Qa5+ 8. Bd2 Qc7 9. Rc1 Bf5 10. e3 e6 11. Ne5 Bd6 12. Nxc6 bxc6 13. Bb5 0-0 14. Bxc6 Rac8 15. Bxd5 Qb8 16. Bf3 Bxh2 17. Nc3 e5 18. Qb3 exd4 19. Qxb8 Bxb8 20. exd4 Rfe8+ 21. Be3 Bf4 22. Kd2 Rcd8 23. Ne2 Ne4+ 24. Bxe4 Bxe3+ 25. fxe3 Bxe4 26. Rhg1 Re7 27. g3 g5 28. Rc5 h6 29. Rgc1 Rdd7 30. Nc3 Bb7 31. b4 Kg7 32. Kd3 Rd6 33. e4 Rf6 34. Re1 Kg6 35. Nd5 Bxd5 36. Rxd5 Ra6 37. Re2 Ra3+ 38. Kc4 Rxg3 39. Rd6+ Kg7 40. e5 h5 41. d5 h4 42. Rc6 h3 43. d6 Rxe5 44. Rxe5 h2 45. Re1 Rg1 46. Rc5 Rxe1 47. Rxg5+ Kh6 48. Rg8 h1Q 49. Rh8+ Kg7 50. Rxh1 Rxh1 51. Kd5 Ra1 52. d7 Rxa2 53. b5 f5 54. Kc6 Rd2 55. Kc7 f4 0-1

[Event "Heraklio op 13th"]
[Site "Heraklion"]
[Date "2009.06.16"]
[Round "4"]
[White "Panagiotakos, Nikolaos"]
[Black "Sfougatakis, Nikolaos"]
[Result "1-0"]
[WhiteElo "2161"]
[BlackElo "1973"]
[PlyCount "109"]
[EventDate "2009.06.13"]
[EventType "swiss"]
[EventRounds "9"]
[EventCountry "GRE"]
[SourceTitle "EXT 2011"]
[Source "ChessBase"]
[SourceDate "2010.11.26"]
[SourceVersion "1"]
[SourceVersionDate "2010.11.26"]
[SourceQuality "1"]
[WhiteTeam "Greece"]
[BlackTeam "Turkey"]
[WhiteTeamCountry "GRE"]
[BlackTeamCountry "TUR"]

1. e4 e6 2. d4 d5 3. Nc3 dxe4 4. Nxe4 Be7 5. Nf3 Nd7 6. Bf4 Ngf6 7. Nxf6+ Nxf6 8. Bd3 0-0 9. Qe2 c5 10. dxc5 Bxc5 11. 0-0-0 Qa5 12. Kb1 Be7 13. Be5 Bd7 14. Bxf6 Bxf6 15. Bxh7+ Kxh7 16. Rxd7 Kg8 17. Rxb7 Rab8 18. Rb3 Rfc8 19. Rd1 Qc5 20. Rd2 a5 21. Qe3 Qc4 22. Qd3 Qg4 23. Qd6 Rxb3 24. axb3 Qxg2 25. Qa6 Rc5 26. Qa8+ Kh7 27. Qe4+ Kg8 28. Rd7 Rf5 29. Nd2 Qxf2 30. Nc4 Qg1+ 31. Ka2 Qc1 32. Ra7 g6 33. Qa8+ Kg7 34. Qe8 Bxb2 35. Nxb2 Rf1 36. b4 axb4 37. Ra8 Qa1+ 38. Kb3 Rf3+ 39. Kc4 Rc3+ 40. Kb5 Qf1+ 41. Kxb4 Rh3 42. Qf8+ Kf6 43. Qd8+ Kg7 44. Qd4+ f6 45. Qd7+ Kh6 46. Rh8+ Kg5 47. Qd2+ Kf5 48. Rxh3 Qxh3 49. Qd3+ Qxd3 50. Nxd3 e5 51. Kc4 Ke4 52. Nc5+ Kf3 53. Nd7 g5 54. Nxf6 g4 55. Kd5 1-0

[Event "Ambelokipi op 093th "]
[Site "Athens"]
[Date "2009.01.17"]
[Round "3"]
[White "Tepelenis, Nikolaos"]
[Black "Sfougatakis, Nikolaos"]
[Result "1-0"]
[WhiteElo "2189"]
[BlackElo "2001"]
[PlyCount "87"]
[EventDate "2009.01.10"]
[EventType "swiss"]
[EventRounds "4"]
[EventCountry "GRE"]
[SourceTitle "EXT 2024"]
[Source "ChessBase"]
[SourceDate "2023.10.10"]
[SourceVersion "1"]
[SourceVersionDate "2023.10.10"]
[SourceQuality "1"]

1. d4 d5 2. c4 e6 3. Nc3 c5 4. e3 Nf6 5. Nf3 Nc6 6. a3 Bd6 7. dxc5 Bxc5 8. b4 Bb6 9. Bb2 0-0 10. Be2 d4 11. exd4 Nxd4 12. c5 Nxe2 13. Qxe2 Bc7 14. 0-0 e5 15. Nxe5 Re8 16. f4 Ng4 17. Rad1 Qh4 18. g3 Qh3 19. Nd5 Nxe5 20. fxe5 Bd8 21. Qf3 Rf8 22. Rd4 Bg5 23. Bc1 Bxc1 24. Rxc1 Qh6 25. Rf1 Bh3 26. Rfd1 Be6 27. Qe3 Qxe3+ 28. Nxe3 Rac8 29. Nd5 h5 30. Ne7+ Kh7 31. Nxc8 Rxc8 32. Rc1 Kg6 33. Rf1 b6 34. cxb6 axb6 35. Rd6 Rc2 36. Rf2 Rc1+ 37. Kg2 Rc3 38. a4 Ra3 39. Rxb6 Rxa4 40. Rb2 Kf5 41. Rb5 h4 42. Ra5 Bd7 43. Rxa4 Bxa4 44. b5 1-0

[Event "Ambelokipi op 76th"]
[Site "Athens"]
[Date "2007.03.31"]
[Round "7"]
[White "Savoglou, Nikolaos"]
[Black "Sfougatakis, Nikolaos"]
[Result "0-1"]
[WhiteElo "1889"]
[BlackElo "2050"]
[PlyCount "92"]
[EventDate "2007.03.13"]
[EventType "swiss"]
[EventRounds "7"]
[EventCountry "GRE"]
[SourceTitle "EXT 2008"]
[Source "ChessBase"]
[SourceDate "2007.11.25"]
[SourceVersion "1"]
[SourceVersionDate "2007.11.25"]
[SourceQuality "1"]

1. d4 Nf6 2. c4 e6 3. Nc3 Bb4 4. Nf3 c5 5. g3 Ne4 6. Qd3 Qa5 7. Qxe4 Bxc3+ 8. Bd2 Bxd2+ 9. Nxd2 Nc6 10. dxc5 b6 11. Qf4 bxc5 12. Bg2 Bb7 13. 0-0 Nd4 14. Qg4 Bxg2 15. Nb3 h5 16. Qxg7 Qc7 17. Qxh8+ Ke7 18. Qxh5 Nxb3 19. axb3 Bxf1 20. Kxf1 Rg8 21. Rd1 d6 22. Rd3 Rg6 23. Rf3 Qa5 24. Qh4+ Kf8 25. Qe4 Kg7 26. Qb7 Rf6 27. Rxf6 Kxf6 28. Qf3+ Ke7 29. Kg2 Qa1 30. Qb7+ Kf6 31. Qf3+ Ke7 32. Qc3 Qb1 33. f3 Qd1 34. Qd3 Qc1 35. Qc3 Qd1 36. e4 Qe2+ 37. Kh3 Qf2 38. Qa5 Qxf3 39. Qxa7+ Kf6 40. Qb6 Qf1+ 41. Kh4 Ke5 42. Qc6 Qf2 43. Qb7 Qxh2+ 44. Kg4 f5+ 45. exf5 exf5+ 46. Kf3 Qh1+ 0-1

[Event "Athens Siaperas Memorial 3rd"]
[Site "Athens"]
[Date "2007.02.14"]
[Round "2"]
[White "Efthimiou, Georgios"]
[Black "Sfougatakis, Nikolaos"]
[Result "1/2-1/2"]
[WhiteElo "1874"]
[BlackElo "2050"]
[PlyCount "94"]
[EventDate "2007.02.10"]
[EventType "swiss"]
[EventRounds "7"]
[EventCountry "GRE"]
[SourceTitle "EXT 2008"]
[Source "ChessBase"]
[SourceDate "2007.11.25"]
[SourceVersion "1"]
[SourceVersionDate "2007.11.25"]
[SourceQuality "1"]

1. d4 d5 2. c4 e6 3. Nf3 Nf6 4. Nc3 c6 5. e3 Nbd7 6. Bd3 Bd6 7. 0-0 0-0 8. e4 dxe4 9. Nxe4 Nxe4 10. Bxe4 h6 11. Bc2 e5 12. Re1 exd4 13. Nxd4 Ne5 14. Nf5 Bxf5 15. Bxf5 Qf6 16. Bc2 Rad8 17. Qe2 Rfe8 18. Be3 Qh4 19. c5 Ng4 20. h3 Bh2+ 21. Kh1 Nxe3 22. Kxh2 Qf4+ 23. g3 Ng4+ 24. Kg1 Rxe2 25. gxf4 Rxc2 26. hxg4 Rdd2 27. Rad1 Rxd1 28. Rxd1 Rxb2 29. Rd8+ Kh7 30. Rd7 Kg6 31. f5+ Kg5 32. Rxf7 Kxg4 33. Rxg7+ Kxf5 34. Kg2 a5 35. a3 a4 36. Rf7+ Kg6 37. Rf4 Rc2 38. Rb4 Rxc5 39. Rxb7 Rc3 40. Rb6 Kg5 41. Ra6 Rxa3 42. Rxc6 Rd3 43. Rc5+ Kf4 44. Rc4+ Kg5 45. Rxa4 h5 46. Ra5+ Kg4 47. Ra4+ Kf5 1/2-1/2

[Event "Ambelokipi op 72nd"]
[Site "Athens"]
[Date "2006.10.14"]
[Round "3"]
[White "Poteas, Ioannis"]
[Black "Sfougatakis, Nikolaos"]
[Result "1/2-1/2"]
[WhiteElo "2169"]
[BlackElo "2021"]
[PlyCount "46"]
[EventDate "2006.10.12"]
[EventType "swiss"]
[EventRounds "7"]
[EventCountry "GRE"]
[SourceTitle "EXT 2008"]
[Source "ChessBase"]
[SourceDate "2007.11.25"]
[SourceVersion "1"]
[SourceVersionDate "2007.11.25"]
[SourceQuality "1"]

1. d4 d5 2. Nf3 e6 3. c4 Nf6 4. Nc3 c6 5. g3 dxc4 6. Bg2 Nbd7 7. 0-0 b5 8. Nd2 Nd5 9. e4 Nxc3 10. bxc3 Nf6 11. e5 Nd5 12. Ne4 Be7 13. Qg4 g6 14. Bh6 Bb7 15. h4 Qd7 16. Bg5 0-0-0 17. Nd6+ Bxd6 18. Bxd8 Rxd8 19. Bxd5 Ba3 20. Bf3 Bb2 21. a4 Bxc3 22. axb5 cxb5 23. Bxb7+ Qxb7 1/2-1/2

[Event "Ambelokipi op 71st"]
[Site "Athens"]
[Date "2006.09.09"]
[Round "1"]
[White "Sfougatakis, Nikolaos"]
[Black "Galanos, Dimitrios"]
[Result "0-1"]
[WhiteElo "2021"]
[BlackElo "2147"]
[PlyCount "78"]
[EventDate "2006.09.09"]
[EventType "swiss"]
[EventRounds "7"]
[EventCountry "GRE"]
[SourceTitle "EXT 2007"]
[Source "ChessBase"]
[SourceDate "2006.11.23"]
[SourceVersion "1"]
[SourceVersionDate "2006.11.23"]
[SourceQuality "1"]

1. d4 c5 2. d5 e5 3. e4 d6 4. Bd3 Be7 5. Ne2 Nf6 6. Nd2 0-0 7. 0-0 Nbd7 8. c3 a6 9. a4 b6 10. Nc4 Rb8 11. b4 cxb4 12. cxb4 a5 13. bxa5 bxa5 14. Bd2 Ra8 15. Nc3 Nc5 16. Be3 Nfd7 17. Bc2 Ba6 18. Nb5 Rc8 19. Nca3 Bg5 20. Re1 Bxe3 21. Rxe3 Nb6 22. Na7 Ra8 23. Nc6 Qd7 24. Qh5 Nbxa4 25. Rae1 g6 26. Qh4 f6 27. Rh3 Bc8 28. f4 Rf7 29. Nc4 Qc7 30. fxe5 fxe5 31. Ra3 Ba6 32. Ne3 Raf8 33. Nf5 gxf5 34. exf5 Bb5 35. Rg3+ Kh8 36. f6 Rxf6 37. Rf3 Rxf3 38. gxf3 Qg7+ 39. Kh1 Rg8 0-1